3 meilleurs clubs par pays - Statistiques

Statistiques générales
  • Ce quiz a été pris 132 fois
  • Le résultat moyen est 40 sur 165
Statistiques - réponses
Hint Classement Réponse % Correct
France 6 Paris SG
94%
Espagne 9 FC Barcelone
93%
Angleterre 4 Manchester City
93%
Angleterre 5 Liverpool
92%
Espagne 1 Real Madrid
92%
Italie 3 Inter Milan
91%
Angleterre 10 Arsenal
89%
Allemagne 7 Borussia Dortmund
86%
Allemagne 8 Bayer Leverkusen
85%
Allemagne 2 Bayern Munich
83%
Espagne 11 Atletico Madrid
81%
Portugal 28 FC Porto
81%
Pays-Bas 38 Ajax Amsterdam
80%
France 27 Lille OSC
80%
Portugal 14 Benfica Lisbonne
78%
France 41 AS Monaco
77%
Pays-Bas 19 PSV Eindhoven
72%
Italie 13 AS Roma
71%
Portugal 22 Sporting CP
70%
Turquie 46 Galatasaray
64%
Pays-Bas 20 Feyenoord Rotterdam
62%
Belgique 18 Club Brugge
61%
Turquie 40 Fenerbahçe
58%
Ecosse 59 Celtic
55%
Danemark 45 Copenhague
54%
Ecosse 35 Rangers
54%
Croatie 48 Dinamo Zagreb
53%
Tchéquie 71 Sparta Prague
50%
Ukraine 115 Dynamo Kiev
49%
Grèce 37 Olympiakos
49%
Pologne 69 Legia Varsovie
47%
Suisse 72 Young Boys
47%
Serbie 60 Étoile rouge de Belgrade
46%
Tchéquie 49 Slavia Prague
46%
Italie 17 Atalanta
45%
Israël 70 Maccabi Tel-Aviv
45%
Roumanie 77 FCSB
44%
Autriche 51 RB Salzburg
44%
Russie 144 Spartak Moscou
44%
Bulgarie 233 CSKA Sofia
43%
Suisse 65 FC Bale
43%
Grèce 88 Panathinaikos
43%
Ukraine 54 Shaktar Donetsk
43%
Autriche 73 Rapid Vienne
42%
Russie 192 Zenit Saint-Petersbourg
41%
Russie 331 Lokomotiv Moscou
40%
Suède 125 Malmo
40%
Belgique 47 Union Saint-Gilloise
40%
Chypre 116 APOEL Nicosie
38%
Slovaquie 67 Slovan Bratislava
38%
Serbie 78 Partizan Belgrade
36%
Israël 98 Maccabi Haifa
35%
Norvège 36 Bodo/Glimt
34%
Chypre 107 Omonia Nicosie
32%
Lettonie 154 Riga
32%
Bulgarie 216 Levski Sofia
31%
Liechtenstein 185 Vaduz
27%
Croatie 161 Hajduk Split
26%
Azerbaïdjan 56 Qarabag
26%
Bosnie-Herzégovine 271 Sarajevo
26%
Bélarus 228 Dinamo Minsk
24%
Belgique 57 KAA Gent
23%
Chypre 81 Pafos
23%
Tchéquie 52 Viktoria Plzen
21%
Hongrie 55 Ferencvaros
20%
Bulgarie 75 Ludogorets Razgrad
20%
Grèce 53 PAOK
20%
Luxembourg 339 Racing Union
20%
Kazakhstan 133 Astana
19%
Kazakhstan 150 Kairat Almaty
18%
Slovaquie 156 Spartak Trnava
18%
Géorgie 270 Iberia Tbilissi
17%
Pologne 95 Lech Poznan
17%
Kosovo 336 Pristina
17%
Irlande 99 Shamrock Rovers
17%
Autriche 74 Sturm Graz
17%
Islande 145 Vikingur Reykjavik
17%
Slovénie 92 Olimpija Ljubljana
16%
Moldavie 89 Sheriff Tiraspol
16%
Estonie 164 Flora Tallinn
15%
Slovénie 163 Maribor
15%
Ecosse 148 Heart of Midlothian
14%
Roumanie 97 CFR Cluj
13%
Estonie 205 Levadia Tallinn
13%
Danemark 64 Midtjylland
13%
Finlande 121 HJK
12%
Norvège 79 Molde FK
12%
Gibraltar 147 Lincoln Red Imps
11%
Arménie 215 Noah
11%
Suisse 80 Lugano
10%
Norvège 158 Brann SK
8%
Danemark 166 Brondby
8%
Croatie 141 Rijeka
8%
Turquie 90 Basaksehir
6%
Bosnie-Herzégovine 124 Borac Banja Luka
6%
Pologne 94 Jagiellonia Bialystok
6%
Lituanie 240 Kauno Zalgiris
6%
Roumanie 183 U. Craiova
6%
Malte 244 Hamrun Spartans
5%
Israël 122 Hapoël Beer-Sheva
5%
Pays de Galles 175 The New Saints
5%
Suède 66 Djugarden
4%
Andorre 274 FC Santa Coloma
4%
Finlande 146 KuPS
4%
Irlande du Nord 167 Linfield
4%
Slovénie 93 NK Celje
4%
Iles Féroé 220 Torshavn
4%
Bosnie-Herzégovine 159 Zrinjki Mostar
4%
Islande 176 Breidablik
3%
Luxembourg 226 Differdange
3%
Andorre 207 Inter Escaldes
3%
Hongrie 219 Puskas Akadémia
3%
Macédoine du Nord 184 Shkëndija
3%
Ukraine 143 Zorya Louhansk
3%
Andorre 272 Atlètic Escaldes
2%
Liechtenstein - Balzers
2%
Irlande 323 Derry
2%
Géorgie 246 Dinamo Batoumi
2%
Kosovo 151 Drita
2%
Iles Féroé 155 Klaksvik
2%
Gibraltar 301 Magpies
2%
Arménie 162 Pyunik
2%
Lettonie 131 RFS
2%
Irlande 203 St. Patrick's
2%
Serbie 187 TSC Bačka Topola
2%
Iles Féroé 239 Vikingur
2%
Lituanie 142 Zalgiris
2%
Arménie 218 Ararat Armenia
1%
Monténégro 208 Buducnost
1%
Slovaquie 245 DAC 1904
1%
Géorgie 259 Dila
1%
Liechtenstein - Eschen/Mauren
1%
Irlande du Nord 173 Larne
1%
Moldavie 204 Milsami Orhei
1%
Azerbaïdjan 238 Sabah
1%
Macédoine du Nord 276 Struga
1%
Kazakhstan 191 Tobol
1%
Islande 297 Valur
1%
Saint-Marin 320 Virtus
1%
Lettonie 300 Auda
0%
Pays de Galles 354 Bala
0%
Kosovo 160 Ballkani
0%
Pays de Galles 342 Connah's Quay
0%
Irlande du Nord 325 Crusaders
0%
Monténégro 257 Decic
0%
Luxembourg 190 Diddelange
0%
Albanie 294 Egnatia
0%
Suède 152 Elfsborg
0%
Hongrie 263 Fehervar
0%
Malte 266 Gzira
0%
Malte 261 Hibernians
0%
Finlande 334 Ilves
0%
Saint-Marin 243 La Fiorita
0%
Azerbaïdjan 232 Neftci
0%
Bélarus 237 Neman
0%
Estonie 206 Paide
0%
Lituanie 230 Panevezys
0%
Albanie 209 Partizani
0%
Moldavie 174 Petrocub Hincesti
0%
Macédoine du Nord 267 Shkupi
0%
Gibraltar 273 St Joseph's
0%
Monténégro 242 Sutjeska
0%
Bélarus 258 Torpedo Belaz
0%
Saint-Marin 302 Tre Penne
0%
Albanie 229 Vllaznia
0%
Aucun quiz correspondant
Distribution des résultats
% des personnes avec chaque résultat
Percentile par nombre de réponses
Votre historique - résultats
Vous n’avez pas pris ce quiz